[Event "46th Rilton Cup 2016-17"]
[Site "Stockholm SWE"]
[Date "2016.12.28"]
[Round "2.22"]
[White "Esserman, Marc"]
[Black "Ziegler, Ari"]
[Result "0-1"]
[WhiteTitle "IM"]
[BlackTitle "IM"]
[WhiteElo "2468"]
[BlackElo "2299"]
[WhiteFideId "2018616"]
[BlackFideId "1700987"]
[EventDate "2016.12.27"]

1. e4 e6 2. d4 d5 3. Nd2 Nf6 4. e5 Nfd7 5. f4 c5 6. c3 Nc6 7. Ndf3 cxd4 8. cxd4
Qb6 9. g3 Be7 10. Kf2 f6 11. Kg2 O-O 12. Bd3 Kh8 13. Ne2 fxe5 14. dxe5 Nc5 15.
Bb1 Ne4 16. Rf1 Bd7 17. Bxe4 dxe4 18. Qxd7 exf3+ 19. Rxf3 Qa6 20. Qd3 b5 21. Qe4
Rac8 22. Be3 Nb4 23. Nc3 Rc4 24. Qb1 Qc6 25. a3 g5 26. axb4 g4 27. Qf1 Bxb4 28.
h3 gxf3+ 29. Qxf3 a6 30. Qxc6 Rxc6 31. Ne4 Rd8 32. g4 a5 33. Kf3 a4 34. f5 Rc4
35. f6 Rd3 36. Ke2 Rd5 37. Ng5 h6 38. Nf7+ Kh7 39. g5 hxg5 40. Rg1 Rc2+ 41. Kf3
Kg8 42. Nh6+ Kh7 43. Nf7 Kg8 44. Nh6+ Kf8 45. Rxg5 Ke8 46. f7+ Kd7 47. Rg4 Rc4
48. Rg8 Rxe5 49. f8=Q Bxf8 50. Rxf8 Rc2 51. Ng4 Rf5+ 52. Rxf5 exf5 53. Ne5+ Ke6
54. Nd3 Rc4 55. Bd2 Rc2 56. Ke3 Kf6 57. Nb4 Rc4 58. Nd3 Kg5 59. Be1 f4+ 60. Kf3
Rc2 61. h4+ Kf5 62. Bb4 Rh2 63. Be1 Rh3+ 64. Ke2 f3+ 65. Kf1 Rh2 66. h5 Rxh5 67.
Bg3 Ke4 68. Ne1 Rd5 69. Bh4 b4 70. Be7 b3 71. Bb4 Rh5 72. Bd6 Rh2 73. Bxh2 a3
74. bxa3 b2 75. Kf2 b1=Q 76. Nxf3 Qb2+ 77. Kg3 Qb3 0-1

[Event "46th Rilton Cup 2016-17"]
[Site "Stockholm SWE"]
[Date "2016.12.28"]
[Round "2.23"]
[White "Shyam, Sundar M."]
[Black "Narva, Mai"]
[Result "1-0"]
[WhiteTitle "GM"]
[BlackTitle "WIM"]
[WhiteElo "2532"]
[BlackElo "2218"]
[WhiteFideId "5019141"]
[BlackFideId "4500512"]
[EventDate "2016.12.27"]

1. e4 c5 2. Nf3 d6 3. d4 cxd4 4. Nxd4 Nf6 5. Nc3 Nc6 6. f3 e5 7. Nb3 Be7 8. Be3
O-O 9. Qd2 a5 10. Bb5 Na7 11. Bd3 Be6 12. Rd1 Nc8 13. O-O a4 14. Nc1 Nb6 15. Qf2
Nc4 16. Bxc4 Bxc4 17. Rfe1 Qc8 18. a3 Qc6 19. Nd3 Bd8 20. Nb4 Qd7 21. Qd2 Bc7
22. Bg5 Ne8 23. Ncd5 f6 24. Be3 f5 25. exf5 Rxf5 26. Bb6 Bxd5 27. Nxd5 Bd8 28.
c4 Rf7 29. Qb4 Qc6 30. Bxd8 Rxd8 31. Nb6 Qc7 32. Nxa4 Qe7 33. Nb6 Qg5 34. Qd2
Qh5 35. Nd5 Rc8 36. Re4 Qg6 37. Rde1 Nf6 38. Nxf6+ Qxf6 39. Rd1 Rc6 40. b3 h6
41. Re3 Qg5 42. Rd3 Qxd2 43. R1xd2 Rf6 44. Rd5 Kf7 45. Ra5 Ke6 46. Rdd5 g5 47.
Rdb5 Rf7 48. Ra7 Rcc7 49. Ra8 Rg7 50. Rh8 Rg6 51. Rb6 Rf6 52. Rd8 Ke7 53. Rb8
Kd7 54. R8xb7 Rf8 55. Rb8 Rxb8 56. Rxb8 Ra7 57. a4 Kc6 58. Kf2 1-0

[Event "46th Rilton Cup 2016-17"]
[Site "Stockholm SWE"]
[Date "2016.12.28"]
[Round "2.24"]
[White "Johansson, Gunnar"]
[Black "Goganov, Aleksey"]
[Result "0-1"]
[BlackTitle "GM"]
[WhiteElo "2210"]
[BlackElo "2637"]
[WhiteFideId "1703501"]
[BlackFideId "24109959"]
[EventDate "2016.12.27"]

1. d4 d5 2. c4 e6 3. Nc3 c6 4. e3 Nf6 5. Nf3 Nbd7 6. Qc2 Bd6 7. b3 O-O 8. Bb2
Qe7 9. Be2 b6 10. O-O Bb7 11. Rad1 Rad8 12. cxd5 exd5 13. Bd3 Rfe8 14. Rfe1 Ne4
15. Bf1 Ndf6 16. Ne5 Nxc3 17. Bxc3 Ne4 18. Nd3 h5 19. Bb2 h4 20. f3 Ng3 21. Ne5
Nxf1 22. Kxf1 h3 23. g3 Qe6 24. Rc1 Rc8 25. Qd3 c5 26. Ng4 c4 27. bxc4 dxc4 28.
Qe2 Qf5 29. Kf2 b5 30. Ne5 f6 31. e4 Qh5 32. Ng4 f5 33. Ne5 fxe4 34. fxe4 Rxe5
35. dxe5 Bc5+ 36. Kf1 Rf8+ 0-1

[Event "46th Rilton Cup 2016-17"]
[Site "Stockholm SWE"]
[Date "2016.12.28"]
[Round "2.25"]
[White "Bellia, Fabrizio"]
[Black "Chizhikov, Vladislav"]
[Result "1-0"]
[WhiteTitle "IM"]
[WhiteElo "2433"]
[BlackElo "2262"]
[WhiteFideId "800511"]
[BlackFideId "4178157"]
[EventDate "2016.12.27"]

1. d4 Nf6 2. Nf3 c5 3. d5 e6 4. Nc3 Qa5 5. Bd2 b5 6. Ne4 Qb6 7. Nxf6+ gxf6 8. e4
Bb7 9. c4 b4 10. Bd3 Bg7 11. O-O O-O 12. Nh4 f5 13. exf5 exd5 14. f6 Qxf6 15.
Qh5 h6 16. cxd5 Ba6 17. Bxa6 Nxa6 18. Nf5 Kh7 19. Rfe1 Rae8 20. Nxg7 Kxg7 21.
Qg4+ Qg6 22. Qxd7 Rd8 23. Qb7 Qb6 24. Qxb6 axb6 25. Rad1 Nc7 26. d6 Ne6 27. Be3
Ra8 28. Ra1 Rfd8 29. Red1 f5 30. g3 Rd7 31. Rd2 h5 32. b3 Kf7 33. Rad1 h4 34.
Kg2 Rh8 35. Kf3 Kf6 36. g4 fxg4+ 37. Kxg4 h3 38. Kf3 Rg8 39. Ke4 Rgd8 40. Rd5
Re8 41. Rf5+ Kg6 42. Re5 Kf6 43. f4 Ng7 44. Bf2 Rh8 45. Rdd5 Ne6 46. Rf5+ Kg6
47. Rd1 Ng7 48. Rg1+ Kh7 49. Rfg5 Rf8 50. Bh4 Rff7 51. Ke5 b5 52. f5 Rxf5+ 53.
Rxf5 Nxf5 54. Kxf5 Rxd6 55. Rc1 Rc6 56. Be7 c4 57. bxc4 bxc4 58. Bxb4 Kh6 59. a3
Kh5 60. Ke5 Kg4 61. Kd5 Ra6 62. Rxc4+ Kf3 63. Bd6 Ra5+ 64. Kc6 Ra6+ 65. Kc7 Kg2
66. Rc2+ Kh1 67. Ra2 Ra5 68. Ra1+ Kg2 69. a4 Ra7+ 70. Kb6 Rd7 71. Kc6 Rxd6+ 72.
Kxd6 Kxh2 73. a5 Kg2 74. a6 h2 75. a7 1-0

[Event "46th Rilton Cup 2016-17"]
[Site "Stockholm SWE"]
[Date "2016.12.28"]
[Round "2.26"]
[White "Furhoff, Johan"]
[Black "Akesson, Ralf"]
[Result "0-1"]
[WhiteTitle "IM"]
[BlackTitle "GM"]
[WhiteElo "2311"]
[BlackElo "2417"]
[WhiteFideId "1701797"]
[BlackFideId "1700120"]
[EventDate "2016.12.27"]

1. e4 e6 2. d4 d5 3. Nd2 c5 4. exd5 exd5 5. Ngf3 Nf6 6. Bb5+ Bd7 7. Bxd7+ Nbxd7
8. O-O Be7 9. dxc5 Nxc5 10. Nb3 Nce4 11. Nfd4 Qd7 12. f3 Nd6 13. Nc5 Qc8 14. Nd3
O-O 15. Re1 Re8 16. Bf4 Bf8 17. Rxe8 Qxe8 18. Qd2 Qa4 19. c3 Re8 20. Be5 Nc4 21.
b3 Nxd2 22. bxa4 Nd7 23. Bf4 Nc4 24. Rb1 Ndb6 25. Kf2 g6 26. Nb5 Bg7 27. Nc5 Re7
28. a5 Nxa5 29. Bd6 Re8 30. Nxa7 Nbc4 31. Nb5 Nxd6 32. Nxd6 Ra8 33. Nb5 Nc4 34.
Nxb7 Rxa2+ 35. Kg1 Ne3 36. g3 Rg2+ 37. Kh1 Rf2 38. Re1 Rxf3 39. Nc5 h5 40. Nd4
Bxd4 41. cxd4 Kg7 42. Nd3 f6 43. Nf4 g5 44. Ne2 Ng4 45. h3 Ne3 46. Kg1 Kg6 47.
h4 Kf5 48. hxg5 fxg5 49. Kh2 Kg4 0-1

[Event "46th Rilton Cup 2016-17"]
[Site "Stockholm SWE"]
[Date "2016.12.28"]
[Round "2.27"]
[White "Sankalp, Gupta"]
[Black "Grafl, Florian"]
[Result "1-0"]
[BlackTitle "IM"]
[WhiteElo "2093"]
[BlackElo "2394"]
[WhiteFideId "5097010"]
[BlackFideId "4645715"]
[EventDate "2016.12.27"]

1. e4 Nc6 2. Nf3 Nf6 3. e5 Ng4 4. d4 d6 5. h3 Nh6 6. Bxh6 gxh6 7. Bb5 a6 8.
Bxc6+ bxc6 9. Qd3 Rb8 10. Nbd2 Bg7 11. Nc4 Be6 12. O-O-O Rb5 13. g4 Qb8 14. b3
Rb4 15. Ne3 Qb5 16. Qc3 dxe5 17. dxe5 O-O 18. Nf5 Bxf5 19. gxf5 Rf4 20. Rhg1 Kh8
21. Rxg7 Kxg7 22. e6+ f6 23. Nd4 Rxd4 24. Qg3+ Kh8 25. Rg1 Rd1+ 26. Kxd1 1-0

[Event "46th Rilton Cup 2016-17"]
[Site "Stockholm SWE"]
[Date "2016.12.28"]
[Round "2.28"]
[White "Lahlum, Hans Olav"]
[Black "Mihajlov, Sebastian"]
[Result "0-1"]
[BlackTitle "FM"]
[WhiteElo "2145"]
[BlackElo "2384"]
[WhiteFideId "1501348"]
[BlackFideId "1512110"]
[EventDate "2016.12.27"]

1. d4 Nf6 2. c4 g6 3. Nc3 Bg7 4. e4 d6 5. f3 O-O 6. Be3 b6 7. Bd3 Nfd7 8. Nge2
c5 9. O-O Nc6 10. Bc2 e5 11. dxc5 dxc5 12. Qd2 Nd4 13. Bd3 Re8 14. Nd5 Nf8 15.
Rab1 Nfe6 16. b3 Bd7 17. a3 Rc8 18. Kh1 Bc6 19. Nec3 Kh8 20. g3 Rf8 21. Kg2 f5
22. Kg1 f4 23. gxf4 exf4 24. Bxd4 Nxd4 25. Qg2 Bd7 26. Ne2 Qh4 27. Kh1 Nxe2 28.
Qxe2 Rce8 29. b4 Bh3 30. Qf2 Qh5 31. Rfd1 Bd4 32. Qe2 Re5 33. bxc5 bxc5 34. Rb7
Rg5 35. a4 Rg3 36. a5 Rxf3 37. e5 Rf2 38. Qxh5 Bg2+ 39. Kg1 Re2+ 40. Ne3 Bxe3# 0-1

[Event "46th Rilton Cup 2016-17"]
[Site "Stockholm SWE"]
[Date "2016.12.28"]
[Round "2.29"]
[White "Gajic, Mladen"]
[Black "Risting, Eivind Olav"]
[Result "0-1"]
[WhiteTitle "FM"]
[BlackTitle "FM"]
[WhiteElo "2349"]
[BlackElo "2222"]
[WhiteFideId "1709178"]
[BlackFideId "1517333"]
[EventDate "2016.12.27"]

1. e4 e6 2. d4 d5 3. Nc3 Nf6 4. Bg5 dxe4 5. Nxe4 Be7 6. Bxf6 gxf6 7. c4 f5 8.
Nc3 Bf6 9. Nf3 Nc6 10. d5 Ne7 11. Qd2 Qd6 12. Nb5 Qd8 13. O-O-O a6 14. Nc3 exd5
15. cxd5 Qd6 16. Bc4 b5 17. Bb3 Bb7 18. Kb1 O-O-O 19. Rc1 Rhg8 20. g3 b4 21. Na4
Nxd5 22. Rhd1 Kb8 23. Nd4 Nb6 24. Nxb6 Qxb6 25. Rc4 Be4+ 26. Ka1 c5 27. Qh6 Rxd4
28. Rcxd4 cxd4 29. Qxh7 Rd8 30. Qxf7 d3 31. Rd2 Bc3 32. Rd1 Bxb2+ 33. Kxb2 Qd4+
34. Kb1 d2+ 35. Bc2 Bxc2+ 36. Kxc2 Rc8+ 37. Kb3 Qc3+ 0-1

[Event "46th Rilton Cup 2016-17"]
[Site "Stockholm SWE"]
[Date "2016.12.28"]
[Round "2.30"]
[White "Bellon Lopez, Juan Manuel"]
[Black "Sorensen, Hampus"]
[Result "1/2-1/2"]
[WhiteTitle "GM"]
[WhiteElo "2336"]
[BlackElo "2040"]
[WhiteFideId "2200031"]
[BlackFideId "8703884"]
[EventDate "2016.12.27"]

1. e4 e5 2. Bc4 Nc6 3. Nc3 Bc5 4. d3 d6 5. f4 Bxg1 6. Rxg1 Qh4+ 7. Kf1 exf4 8.
Nd5 Bg4 9. Qe1 Qxe1+ 10. Kxe1 O-O-O 11. Bxf4 Nge7 12. h3 Be6 13. a3 Ng6 14. Be3
a6 15. Kd2 Rhf8 16. Raf1 Kd7 17. g4 Nce5 18. Bb3 c6 19. d4 cxd5 20. exd5 Nc6 21.
dxe6+ fxe6 22. d5 exd5 23. Bxd5 Rxf1 24. Rxf1 Rf8 25. Rxf8 Nxf8 26. g5 Kc7 27.
Kd3 Ne7 28. Bf7 Nfg6 29. Ke4 Kc6 30. c4 Nh4 31. Be8+ Kc7 32. Bf4 Kd8 33. Bf7 Kd7
34. b4 Nhf5 35. Bd2 g6 36. Be1 Kc7 37. h4 Ng7 38. a4 Kc6 39. Bf2 Kd7 40. b5 Kc7
41. a5 Kd7 42. Be1 Kd8 43. Kf4 Kd7 44. Bc3 Ne6+ 45. Kg4 Nd8 46. bxa6 bxa6 47.
Bd5 Nxd5 48. cxd5 Nb7 49. Kf4 Nd8 50. Bd4 Nb7 51. Bb6 Nd8 52. Bxd8 Kxd8 53. Ke3
Ke7 54. Kf2 Kf7 1/2-1/2

[Event "46th Rilton Cup 2016-17"]
[Site "Stockholm SWE"]
[Date "2016.12.28"]
[Round "2.31"]
[White "Volkov, Sergey"]
[Black "Crevatin, Leo"]
[Result "1-0"]
[WhiteTitle "GM"]
[WhiteElo "2624"]
[BlackElo "1973"]
[WhiteFideId "4122763"]
[BlackFideId "1726307"]
[EventDate "2016.12.27"]

1. d4 d5 2. c4 c6 3. e3 Nf6 4. Nc3 e6 5. Nf3 Nbd7 6. Qc2 Bd6 7. b3 O-O 8. Be2
Qe7 9. O-O Re8 10. Bb2 b6 11. a4 a5 12. e4 Nxe4 13. Nxe4 dxe4 14. Qxe4 Bb7 15.
Rad1 f5 16. Qe3 Rad8 17. c5 bxc5 18. Bc4 cxd4 19. Nxd4 Kh8 20. Nxe6 Nf6 21. Nxd8
Rxd8 22. Qxe7 Bxe7 23. Rxd8+ Bxd8 24. Rd1 Nd5 25. Bxd5 cxd5 26. Re1 Bc6 27. Re6
Bc7 28. Rxc6 Bxh2+ 29. Kxh2 1-0

[Event "46th Rilton Cup 2016-17"]
[Site "Stockholm SWE"]
[Date "2016.12.28"]
[Round "2.32"]
[White "Sevian, Samuel"]
[Black "Chan, Kim Yew"]
[Result "1-0"]
[WhiteTitle "GM"]
[WhiteElo "2603"]
[BlackElo "2231"]
[WhiteFideId "2040506"]
[BlackFideId "5717981"]
[EventDate "2016.12.27"]

1. e4 c5 2. Nf3 g6 3. d4 cxd4 4. Nxd4 Nc6 5. c4 Nf6 6. Nc3 d6 7. Be2 Nxd4 8.
Qxd4 Bg7 9. Be3 O-O 10. Qd2 Be6 11. f3 Qa5 12. Rc1 Rfc8 13. b3 a6 14. Na4 Qxd2+
15. Kxd2 Nd7 16. g4 f5 17. exf5 gxf5 18. h3 Rf8 19. f4 Nf6 20. Rhg1 Rad8 21. Bb6
Rc8 22. Bf3 Bd7 23. Nc3 Bc6 24. Nd5 Rfe8 25. gxf5 Bxd5 26. cxd5 Kf7 27. Ke3 Rg8
28. Bd4 Bh6 29. Rxg8 Rxg8 30. Bxf6 Kxf6 31. Bg4 Rb8 32. Kf3 Bg7 33. Bh5 Bh6 34.
Re1 Bf8 35. Re6+ Kg7 36. Kg4 Rc8 37. f6+ exf6 38. Kf5 Rc5 39. Bf3 Rc7 40. Re8
Re7 41. Rxe7+ Bxe7 42. Ke6 Kf8 43. f5 a5 44. Kd7 b6 45. a4 Kf7 46. Bh5+ Kf8 47.
Be8 h6 48. Bh5 1-0

[Event "46th Rilton Cup 2016-17"]
[Site "Stockholm SWE"]
[Date "2016.12.28"]
[Round "2.33"]
[White "Kazakovskiy, Valeriy"]
[Black "Pranav, Anand"]
[Result "1-0"]
[WhiteTitle "IM"]
[WhiteElo "2430"]
[BlackElo "2230"]
[WhiteFideId "13507443"]
[BlackFideId "46626786"]
[EventDate "2016.12.27"]

1. d4 Nf6 2. Nf3 e6 3. c4 Bb4+ 4. Bd2 a5 5. a3 Bxd2+ 6. Qxd2 d6 7. Nc3 Nbd7 8.
e4 e5 9. Rd1 exd4 10. Qxd4 O-O 11. Be2 Qe7 12. O-O Nc5 13. Rfe1 Bg4 14. Nh4 Be6
15. g3 Rfe8 16. f3 Bd7 17. Ng2 Qe5 18. Qf2 Na4 19. Nxa4 Bxa4 20. Rd2 Bc6 21. b3
Qc3 22. Qe3 Qe5 23. Qd4 Nd7 24. Qxe5 Rxe5 25. Ne3 Nb6 26. Kf2 Kf8 27. Rc1 Nd7
28. Rb2 Nc5 29. b4 axb4 30. axb4 Ne6 31. Rd1 h5 32. h4 Ra4 33. Bd3 Nd4 34. Bb1
Ne6 35. f4 Rxe4 36. Bxe4 Bxe4 37. f5 Nd8 38. c5 Nc6 39. cxd6 cxd6 40. Rxd6 Rxb4
41. Rxb4 Nxb4 42. Rd4 Nd3+ 43. Kg1 Nc5 44. Rc4 b6 45. Rb4 Ke7 46. Rxb6 Nd7 47.
Ra6 Nf6 48. Ra7+ Kf8 49. Rc7 Ne8 50. Rc4 Nf6 51. Kf2 Ke7 52. Rc7+ Kf8 53. Ke2
Ne8 54. Rd7 Nf6 55. Rd4 Ke7 56. Ra4 Kf8 57. Ra3 Ke7 58. Nc4 Ng4 59. Ra7+ Kf8 60.
Nd6 Bd5 61. Rc7 Nf6 62. Ke3 Bb3 63. Kd4 Ne8 64. Rc8 Ba4 65. Nxe8 Bxe8 66. f6
gxf6 67. Rc5 Bd7 68. Rxh5 Kg7 69. Ke4 Kg6 70. Ra5 Be6 71. Kd4 Kh6 72. Kc5 Kh5
73. Ra4 Bb3 74. Rf4 Kg6 75. Kd6 Bc2 76. Ke7 f5 77. Rc4 Be4 78. Rc8 Kh5 79. Rg8
f4 80. Rg5+ Kh6 81. gxf4 Bg6 82. Kf6 1-0

[Event "46th Rilton Cup 2016-17"]
[Site "Stockholm SWE"]
[Date "2016.12.28"]
[Round "2.34"]
[White "Glimbrant, Torbjorn"]
[Black "Grunberg, Mihai-Lucian"]
[Result "0-1"]
[BlackTitle "IM"]
[WhiteElo "2228"]
[BlackElo "2389"]
[WhiteFideId "1700995"]
[BlackFideId "1204149"]
[EventDate "2016.12.27"]

1. d4 g6 2. c4 Bg7 3. e4 c5 4. d5 d6 5. Nf3 e6 6. Be2 Ne7 7. O-O O-O 8. Nc3 exd5
9. cxd5 a6 10. a4 f5 11. Ng5 h6 12. Ne6 Bxe6 13. dxe6 Nbc6 14. exf5 Rxf5 15. Bg4
Rf8 16. Be3 Nd4 17. Rb1 h5 18. Bh3 Nec6 19. Nd5 Qh4 20. e7 Nxe7 21. Nxe7+ Qxe7
22. b4 Kh7 23. bxc5 dxc5 24. Rb6 Rab8 25. Qd3 Rf6 26. Rfb1 Qc7 27. Rxf6 Bxf6 28.
Qe4 Ne2+ 29. Kh1 Nc3 30. Bf4 Nxe4 31. Bxc7 Nxf2+ 32. Kg1 Nxh3+ 33. gxh3 Bd4+ 34.
Kg2 Rf8 35. Bd6 Rf2+ 36. Kg3 Rf7 37. h4 c4 38. Rb4 Rd7 39. Bf4 c3 40. a5 Bf6 41.
Rc4 Kg8 42. Kf3 Kf7 43. Ke4 Ke6 44. Rc8 Rd4+ 45. Ke3 Ra4 46. Re8+ Kf5 0-1

[Event "46th Rilton Cup 2016-17"]
[Site "Stockholm SWE"]
[Date "2016.12.28"]
[Round "2.35"]
[White "Larson, Matthew W"]
[Black "Tuomainen, Felix"]
[Result "1/2-1/2"]
[WhiteTitle "FM"]
[WhiteElo "2330"]
[BlackElo "2228"]
[WhiteFideId "2077990"]
[BlackFideId "1720813"]
[EventDate "2016.12.27"]

1. d4 d5 2. c4 c6 3. Nf3 Nf6 4. Qc2 dxc4 5. e4 Bg4 6. Be3 e6 7. Bxc4 Bb4+ 8.
Nbd2 Nbd7 9. O-O O-O 10. Bd3 h6 11. h3 Bxf3 12. Nxf3 Re8 13. Rfd1 Ba5 14. Rac1
Qe7 15. Bf4 Bb6 16. Qb3 Rad8 17. Bb1 Nf8 18. a3 Bc7 19. Be3 Bb8 20. Bd2 Qc7 21.
Qa4 N6d7 22. Ba5 Nb6 23. Qc2 Qe7 24. e5 c5 25. dxc5 Rxd1+ 26. Rxd1 Nd5 27. Bd2
Rc8 28. b4 a5 29. Qe4 axb4 30. axb4 b6 31. Qg4 Kh8 32. cxb6 Nxb6 33. Be3 Nbd7
34. Qh5 Kg8 35. b5 Qb4 36. Bd3 Qb3 37. Nd4 Qa4 38. Nc6 Rxc6 39. bxc6 Qxc6 40. f4
Qa4 41. Qe2 Ba7 42. Bxa7 Qxa7+ 43. Kh1 Nb6 44. Be4 Qa5 45. Qd3 Na4 46. Qa3 Qb5
47. Bd3 Qc6 48. Rc1 Qd7 49. Be4 Nb6 50. Qc3 Nd5 51. Bxd5 Qxd5 52. Qb4 Ng6 53.
Rc8+ Kh7 54. Rc7 Nh4 55. Qb2 Nf5 56. Qc2 Kg8 57. Rc8+ Kh7 58. Rf8 Qa5 59. Qb1
Qa4 60. Qc1 Qd4 61. Rxf7 Ng3+ 62. Kh2 Qf2 63. Rd7 1/2-1/2

[Event "46th Rilton Cup 2016-17"]
[Site "Stockholm SWE"]
[Date "2016.12.28"]
[Round "2.36"]
[White "Matta, Vinay Kumar"]
[Black "Louis, Thibault"]
[Result "1/2-1/2"]
[WhiteTitle "FM"]
[WhiteElo "2227"]
[BlackElo "2316"]
[WhiteFideId "5016649"]
[BlackFideId "681369"]
[EventDate "2016.12.27"]

1. e4 c5 2. Ne2 Nc6 3. g3 d5 4. Bg2 dxe4 5. Bxe4 e5 6. Bg2 Be6 7. Nbc3 f5 8. d3
Nf6 9. O-O Bd6 10. Bg5 h6 11. Bxf6 Qxf6 12. Re1 O-O 13. Nf4 Bf7 14. Nfd5 Qd8 15.
Ne3 Qd7 16. Nc4 Rae8 17. Bxc6 Qxc6 18. Nxd6 Qxd6 19. Qf3 Qd7 20. a4 g5 21. Re3
Re7 22. Rae1 Rfe8 23. h3 h5 24. g4 hxg4 25. hxg4 f4 26. R3e2 Kg7 27. Qe4 c4 28.
Rd1 cxd3 29. Rxd3 Qc6 30. Qxc6 bxc6 31. Rd6 e4 32. Rxc6 Bg6 33. Rd6 e3 34. f3
Bxc2 35. Rxc2 e2 36. Nxe2 Rxe2 37. Rd7+ Kf6 38. Rd6+ R8e6 39. Rxe6+ Rxe6 40. b4
Re3 41. Kf2 Rb3 42. Rc4 Ke5 43. b5 Ra3 44. Kg2 Kd5 45. Rb4 Kc5 46. Re4 Kd5 1/2-1/2

[Event "46th Rilton Cup 2016-17"]
[Site "Stockholm SWE"]
[Date "2016.12.28"]
[Round "2.37"]
[White "Hobber, Anders"]
[Black "Prithu, Gupta"]
[Result "1/2-1/2"]
[WhiteTitle "FM"]
[WhiteElo "2312"]
[BlackElo "2219"]
[WhiteFideId "1505424"]
[BlackFideId "46618546"]
[EventDate "2016.12.27"]

1. d4 d5 2. Bf4 Nf6 3. e3 c5 4. c3 Nc6 5. Nd2 cxd4 6. exd4 Bf5 7. Ngf3 e6 8. Qb3
Qc8 9. Be2 Be7 10. O-O O-O 11. h3 a6 12. Nh4 Be4 13. Nhf3 Bf5 14. a4 Ne4 15.
Nxe4 Bxe4 16. Nd2 Bg6 17. Qd1 Qd8 18. Nf3 Qb6 19. b4 a5 20. b5 Nb8 21. Ne5 Bf6
22. c4 Qd8 23. c5 Nd7 24. Nxd7 Qxd7 25. Rc1 Rac8 26. Bd6 Be7 27. Bxe7 Qxe7 28.
Re1 Qg5 29. Bf3 Rfe8 30. Rc3 b6 31. Qc1 Qf6 32. cxb6 Rb8 33. Qe3 Rxb6 34. Rec1
h6 35. Rc6 Rxc6 36. bxc6 Qe7 37. c7 Rc8 38. Qc3 e5 39. dxe5 d4 40. Qxa5 d3 41.
Bg4 d2 42. Qxd2 Rxc7 43. Rxc7 Qxc7 44. Qd4 Qa5 45. Bd7 Bc2 46. Bb5 Kh7 47. Kh2
Bg6 48. Bd3 h5 49. Bxg6+ Kxg6 50. Qe4+ Kh6 51. e6 fxe6 52. Qxe6+ g6 53. Qe3+ Kh7
54. Qd4 Kg8 55. Qc4+ Kh7 56. g3 Qa7 57. Kg2 Qb7+ 58. Kg1 Qb1+ 59. Kh2 Qb2 60.
Qc5 h4 61. Qc7+ Kg8 62. Qd8+ Kg7 63. Qc7+ Kg8 64. Qf4 hxg3+ 65. Qxg3 Qb6 66. h4
Kh7 67. Qf4 Kg7 68. Qe5+ Kg8 69. Qd5+ Kg7 70. Kg2 Qb4 71. Qd7+ Kh6 72. Kg3 Qc3+
73. Kf4 Qc4+ 74. Ke3 Qc3+ 75. Qd3 Qe1+ 76. Kf3 Qh1+ 77. Kg4 Qg1+ 78. Kf3 Qh1+
79. Ke2 Qxh4 80. a5 Qh5+ 1/2-1/2

[Event "46th Rilton Cup 2016-17"]
[Site "Stockholm SWE"]
[Date "2016.12.28"]
[Round "2.38"]
[White "Grueso Cordoba, Santiago"]
[Black "Santarius, Erik F"]
[Result "0-1"]
[WhiteElo "2171"]
[BlackElo "2312"]
[WhiteFideId "1723529"]
[BlackFideId "2025817"]
[EventDate "2016.12.27"]

1. d4 d5 2. c4 c6 3. Nf3 Nf6 4. e3 e6 5. Bd3 dxc4 6. Bxc4 c5 7. O-O a6 8. Qe2 b5
9. Bb3 Bb7 10. Nc3 Nbd7 11. Rd1 Be7 12. e4 b4 13. e5 bxc3 14. exf6 Bxf6 15. bxc3
O-O 16. Bf4 cxd4 17. cxd4 Nb6 18. Rab1 Nd5 19. Qd2 Nxf4 20. Qxf4 Bxf3 21. Qxf3
Bxd4 22. Qe4 e5 23. Kh1 Kh8 24. Bd5 f5 25. Qf3 Rc8 26. Qb3 Qf6 27. f3 Rfd8 28.
Bb7 Rc5 29. Qa4 h6 30. Qxa6 Rd6 31. Qa4 Kh7 32. Rb5 Rc3 33. Bd5 Rc8 34. Bb3 Rdc6
35. h3 Qg5 36. Qb4 Rc2 37. Bxc2 Rxc2 38. g4 Qf4 0-1

[Event "46th Rilton Cup 2016-17"]
[Site "Stockholm SWE"]
[Date "2016.12.28"]
[Round "2.39"]
[White "Storme, Isak"]
[Black "Hejazipour, Mitra"]
[Result "0-1"]
[BlackTitle "WGM"]
[WhiteElo "2152"]
[BlackElo "2307"]
[WhiteFideId "1728113"]
[BlackFideId "12505951"]
[EventDate "2016.12.27"]

1. e4 c5 2. Nf3 d6 3. d4 cxd4 4. Nxd4 Nf6 5. Nc3 a6 6. Be2 e5 7. Nb3 Be7 8. O-O
O-O 9. Qd3 Be6 10. Nd5 Bxd5 11. exd5 Ne8 12. f4 Nd7 13. f5 Bg5 14. c4 a5 15.
Bxg5 Qxg5 16. Qc3 Qd8 17. Nd2 Qb6+ 18. Kh1 Nef6 19. g4 Nc5 20. b3 h6 21. Qe3
Rfc8 22. g5 hxg5 23. Qxg5 Kf8 24. Rg1 Ke7 25. Bh5 Nd3 26. Raf1 Nf2+ 27. Kg2 Nh3
28. Kxh3 Rh8 29. Kg2 Rxh5 30. Qg3 Rah8 31. Rh1 Qd4 32. Nf3 Qe4 33. Rf2 Rh3 34.
Qg5 R8h4 35. Re1 Rxh2+ 36. Kg1 Rh1+ 37. Kg2 R4h2+ 38. Kg3 Rh3+ 39. Kg2 Rxe1 40.
Kxh3 Rh1+ 41. Kg2 Rh5 42. Qd2 Qg4+ 43. Kf1 Rh1+ 44. Ke2 Qe4+ 0-1

[Event "46th Rilton Cup 2016-17"]
[Site "Stockholm SWE"]
[Date "2016.12.28"]
[Round "2.40"]
[White "Saravanan, V."]
[Black "Ask, Josef"]
[Result "1-0"]
[WhiteTitle "IM"]
[WhiteElo "2306"]
[BlackElo "2201"]
[WhiteFideId "5000580"]
[BlackFideId "1704583"]
[EventDate "2016.12.27"]

1. Nf3 Nf6 2. c4 g6 3. Nc3 Bg7 4. e4 d6 5. d4 O-O 6. Be2 e5 7. Be3 Ng4 8. Bg5 f6
9. Bh4 g5 10. Bg3 Nh6 11. h3 Nc6 12. d5 Ne7 13. Qd2 Ng6 14. O-O-O Nf7 15. Nh2 f5
16. exf5 Bxf5 17. Bg4 Bxg4 18. hxg4 e4 19. Nxe4 Nge5 20. Qc2 b5 21. cxb5 a6 22.
bxa6 Rxa6 23. Nf3 Ng6 24. Nc3 Qa8 25. Kb1 Rb8 26. Nd4 Rab6 27. Nb3 Rb4 28. f3
Qa6 29. Rde1 Ra8 30. Re6 Nfh8 31. Rhe1 Ne5 32. Bxe5 Bxe5 33. R1xe5 Rxb3 34.
Rxg5+ 1-0

[Event "46th Rilton Cup 2016-17"]
[Site "Stockholm SWE"]
[Date "2016.12.28"]
[Round "2.41"]
[White "Kolbus, Dietmar"]
[Black "Thompson, Ian D"]
[Result "1-0"]
[WhiteTitle "IM"]
[BlackTitle "FM"]
[WhiteElo "2299"]
[BlackElo "2153"]
[WhiteFideId "4610628"]
[BlackFideId "405205"]
[EventDate "2016.12.27"]

1. c4 e6 2. Nf3 d5 3. b3 Nf6 4. Bb2 Be7 5. g3 c5 6. Bg2 Nc6 7. cxd5 exd5 8. d4
Bf5 9. O-O O-O 10. Nc3 Rc8 11. dxc5 Bxc5 12. Na4 Be7 13. Nd4 Bd7 14. Rc1 Qa5 15.
a3 Ne4 16. Nxc6 Bxc6 17. Qd3 Rcd8 18. Nc3 Nxc3 19. Qxc3 Qxc3 20. Rxc3 d4 21. Rd3
Bb5 22. Rxd4 Rxd4 23. Bxd4 Bxa3 24. Ra1 Rd8 25. e3 Bf8 26. Rxa7 Bc6 27. Bxc6
bxc6 28. Rc7 Rb8 29. Rxc6 Rxb3 30. Rc8 Rb5 31. Kg2 f6 32. Rc7 Rd5 33. Kf3 h5 34.
Ke4 Rb5 35. h3 Ra5 36. g4 hxg4 37. hxg4 Rb5 38. f4 Ra5 39. Rb7 Bd6 40. g5 f5+
41. Kf3 Bf8 42. g6 Ra6 43. Rb6 Rxb6 44. Bxb6 Be7 45. Ke2 Kf8 46. Kd3 Bf6 47.
Bc5+ Ke8 48. Kc4 1-0

[Event "46th Rilton Cup 2016-17"]
[Site "Stockholm SWE"]
[Date "2016.12.28"]
[Round "2.42"]
[White "Nesterov, Arseniy"]
[Black "Ryzhkov, Vjacheslav"]
[Result "1-0"]
[WhiteElo "2296"]
[BlackElo "2148"]
[WhiteFideId "24198455"]
[BlackFideId "4198484"]
[EventDate "2016.12.27"]

1. d4 e6 2. c4 f5 3. Nf3 Nf6 4. e3 b6 5. Bd3 Bb4+ 6. Nbd2 Bb7 7. O-O O-O 8. a3
Be7 9. Qc2 Nc6 10. b4 Qe8 11. Bb2 Qh5 12. e4 Bxb4 13. d5 fxe4 14. dxc6 exf3 15.
cxb7 Bxd2 16. bxa8=Q Rxa8 17. Bxf6 Qg4 18. Bxh7+ Kf8 19. Qg6 Qxg6 20. Bxg6 fxg2
21. Rfd1 Bf4 22. Bc3 Ke7 23. Kxg2 1-0